[Event "1. OEsterreichische Internet Schach Meisterschaft - Vorrunde 2"]
[Site "Online - Playchess.com"]
[Date ""]
[Round "7"]
[Board "84"]
[White "Kwech, Martin"]
[Black "Maderner, Arnulf"]
[Result "1/2-1/2"]
[WhiteElo "1105"]
[BlackElo "1687"]
[PlyCount "152"]
[EventDate "2020.04.13"]
[EventRounds "9"]
[EventCountry "AUT"]

1. e4 c5 2. Nf3 d6 3. d4 cxd4 4. Nxd4 Nf6 5. Nc3 a6 6. Be3 Qc7 7. f3 Nc6 8. Bc4 e6
9. Bb3 Be7 10. Ba4 Bd7 11. Bxc6 bxc6 12. O-O c5 13. Nde2 O-O 14. Bf2 Rab8 15. Rb1
Qa5 16. a3 Rb7 17. Be1 Qc7 18. Bf2 Rfb8 19. Qc1 Bc6 20. Bh4 Ne8 21. Bxe7 Qxe7 22.
Nf4 Qf6 23. Nd3 Nc7 24. Nd1 Bb5 25. Re1 a5 26. Nc3 Bxd3 27. cxd3 Qd4+ 28. Kf1 Qxd3+
29. Kg1 Qa6 30. Qd2 Nb5 31. Nxb5 Rxb5 32. Red1 R5b6 33. e5 d5 34. f4 c4 35. Qc3 Rb5
36. a4 Rb3 37. Qc2 Qb6+ 38. Kh1 Rxb2 39. Rxb2 Qxb2 40. Qxb2 Rxb2 41. Kg1 c3 42. Rc1
c2 43. Kf2 d4 44. Ke2 Ra2 45. Kd2 Rxa4 46. Rxc2 g6 47. Rc8+ Kg7 48. Rd8 Ra2+ 49.
Kd3 Rxg2 50. Rxd4 Rxh2 51. Ra4 Rf2 52. Ke3 Rf1 53. Rxa5 h5 54. Ra7 h4 55. Ra2 Rh1
56. Rg2 Kh6 57. Kf3 Kh5 58. Rg5+ Kh6 59. Rg2 Kg7 60. Kg4 f6 61. exf6+ Kxf6 62. Kf3
e5 63. fxe5+ Kxe5 64. Rxg6 Kf5 65. Rg8 Rh3+ 66. Kg2 Re3 67. Rf8+ Kg4 68. Rg8+ Kh5
69. Rh8+ Kg5 70. Rg8+ Kf6 71. Rh8 Re4 72. Kh3 Kg5 73. Rg8+ Kf6 74. Rg4 Re3+ 75. Kxh4
Kf5 76. Rg5+ Kf6  1/2-1/2

[Event "1. OEsterreichische Internet Schach Meisterschaft - Vorrunde 2"]
[Site "Online - Playchess.com"]
[Date ""]
[Round "7"]
[Board "85"]
[White "Haselsberger, Armin"]
[Black "Kipman, Felix"]
[Result "1-0"]
[WhiteElo "1395"]
[BlackElo "1576"]
[PlyCount "41"]
[EventDate "2020.04.13"]
[EventRounds "9"]
[EventCountry "AUT"]

1. d4 d5 2. Bf4 Bf5 3. e3 e6 4. c4 Nf6 5. Qb3 Qc8 6. Nc3 c6 7. Rc1 Nbd7 8. cxd5 exd5
9. Nb5 Ne4 10. Nc7+ Kd8 11. Nxa8 Qxa8 12. Nf3 Nb6 13. Be2 Be7 14. Ne5 Rf8 15. O-O
Bd6 16. Rfd1 Qb8 17. f3 Nf6 18. Nd3 h6 19. Bxd6 Qxd6 20. Ne5 Nh5 21. g4  1-0

[Event "1. OEsterreichische Internet Schach Meisterschaft - Vorrunde 2"]
[Site "Online - Playchess.com"]
[Date ""]
[Round "7"]
[Board "86"]
[White "Schroettner, Martin"]
[Black "Mittelbach, Eduard"]
[Result "0-1"]
[WhiteElo "1934"]
[BlackElo "1667"]
[PlyCount "72"]
[EventDate "2020.04.13"]
[EventRounds "9"]
[EventCountry "AUT"]

1. Nf3 Nf6 2. c4 d5 3. cxd5 Nxd5 4. Nc3 Nxc3 5. bxc3 Nc6 6. g3 e5 7. Qc2 g6 8. Bg2
Bf5 9. Kd1 Bxc2+ 10. Kxc2 e4 11. Ne1 f5 12. Bb2 Qd5 13. h4 O-O-O 14. Bc1 Bh6 15.
e3 Ne5 16. Kd1 Nd3 17. Nxd3 Qxd3 18. Bf1 Qxc3 19. Rb1 Rd6 20. Rb3 Qc5 21. Ba3 Rxd2+
22. Kxd2 Rd8+ 23. Ke1 Qa5+ 24. Bb4 Qxa2 25. Bc4 Qa1+ 26. Ke2 Qxh1 27. Be1 Qf3+ 28.
Kf1 g5 29. hxg5 Bxg5 30. Be6+ Kb8 31. Rb5 Bxe3 32. Rxf5 Qh1+ 33. Ke2 Bb6 34. Rf4
a5 35. Bf5 Qh5+ 36. Bg4 Qb5#  0-1

[Event "1. OEsterreichische Internet Schach Meisterschaft - Vorrunde 2"]
[Site "Online - Playchess.com"]
[Date ""]
[Round "7"]
[Board "87"]
[White "Ploeckinger, Paul"]
[Black "Redhammer, Markus"]
[Result "0-1"]
[WhiteElo "1334"]
[BlackElo "1899"]
[PlyCount "62"]
[EventDate "2020.04.13"]
[EventRounds "9"]
[EventCountry "AUT"]

1. c4 d6 2. Nc3 g6 3. b3 Bg7 4. Bb2 Nf6 5. g3 e5 6. Bg2 c6 7. e3 O-O 8. Nge2 Bg4
9. O-O Qc8 10. f3 Bh3 11. d4 Bxg2 12. Kxg2 Nbd7 13. dxe5 dxe5 14. Qc2 Qc7 15. Ne4
Rad8 16. Rad1 Nxe4 17. Qxe4 f5 18. Qh4 Bf6 19. Qh6 Bg7 20. Qh4 Nc5 21. g4 e4 22.
Rxd8 Qxd8 23. Qxd8 Rxd8 24. Bxg7 Kxg7 25. gxf5 gxf5 26. fxe4 Rd2 27. Kf2 Nxe4+ 28.
Kf3 Rxa2 29. Rg1+ Kf6 30. Nd4 Rxh2 31. Rg8 Rf2#  0-1

[Event "1. OEsterreichische Internet Schach Meisterschaft - Vorrunde 2"]
[Site "Online - Playchess.com"]
[Date ""]
[Round "7"]
[Board "88"]
[White "Steininger, Barbara"]
[Black "Moerwald, Miriam"]
[Result "1-0"]
[WhiteElo "1622"]
[BlackElo "1760"]
[PlyCount "79"]
[EventDate "2020.04.13"]
[EventRounds "9"]
[EventCountry "AUT"]

1. d4 d5 2. c4 e6 3. Nc3 Nf6 4. Nf3 c6 5. Bg5 Be7 6. e3 O-O 7. Bd3 dxc4 8. Bxc4 b5
9. Bd3 a6 10. O-O Bb7 11. Rc1 Nbd7 12. Bxf6 Nxf6 13. Ne4 Rc8 14. Nc5 Bxc5 15. Rxc5
Nd5 16. a3 Qe7 17. Qc2 f6 18. Bxh7+ Kh8 19. Bg6 e5 20. Qe4 f5 21. Bxf5 Qf6 22. Bxc8
Bxc8 23. Qxe5 Qg6 24. Qg5 Qd6 25. Qh5+ Kg8 26. Ne5 Qf6 27. Rxd5 cxd5 28. Ng4 Bxg4
29. Qxg4 Qf5 30. Qxf5 Rxf5 31. Rc1 Rf7 32. Rc6 a5 33. Rc5 b4 34. Rxa5 Rc7 35. h3
Rc1+ 36. Kh2 Rc2 37. axb4 Rxb2 38. b5 Rxf2 39. b6 Ra2 40. Rxa2  1-0

[Event "1. OEsterreichische Internet Schach Meisterschaft - Vorrunde 2"]
[Site "Online - Playchess.com"]
[Date ""]
[Round "7"]
[Board "89"]
[White "Lammer, Michael"]
[Black "Ussar, Reinhard"]
[Result "1/2-1/2"]
[WhiteElo "1499"]
[BlackElo "1676"]
[PlyCount "152"]
[EventDate "2020.04.13"]
[EventRounds "9"]
[EventCountry "AUT"]

1. e4 d5 2. exd5 Qxd5 3. Nc3 Qd6 4. Nf3 Nf6 5. d3 a6 6. Be2 c5 7. Ne4 Nxe4 8. dxe4
Qxd1+ 9. Bxd1 Bg4 10. O-O Nc6 11. Bf4 e6 12. Be2 Bxf3 13. Bxf3 e5 14. Be3 Nd4 15.
Bxd4 cxd4 16. c3 d3 17. Rfd1 O-O-O 18. Rd2 g5 19. Rad1 h5 20. Rxd3 Rxd3 21. Rxd3
g4 22. Be2 Be7 23. g3 Rh6 24. Rd5 Re6 25. a4 Kc7 26. b4 Kc6 27. b5+ axb5 28. Bxb5+
Kb6 29. Be8 Bc5 30. Bxf7 Rf6 31. Bxh5 Bxf2+ 32. Kg2 Be1 33. Bxg4 Bxc3 34. Bf3 Bd4
35. h4 Rc6 36. h5 Rc2+ 37. Kh3 Rf2 38. Kg4 Rf1 39. h6 Rh1 40. Kg5 Be3+ 41. Kf5 Rxh6
42. Kxe5 Rh3 43. Rd3 Bc5 44. Bg4 Rh8 45. Kf5 Rf8+ 46. Ke6 Re8+ 47. Kd5 Rd8+ 48. Kc4
Ra8 49. e5 Rxa4+ 50. Kd5 Rxg4 51. Rc3 Rd4+ 52. Ke6 Kc6 53. Kf5 b5 54. g4 b4 55. Rc1
Kd5 56. g5 b3 57. g6 b2 58. Rb1 Rd2 59. g7 Rf2+ 60. Kg6 Rg2+ 61. Kf7 Rf2+ 62. Ke8
Rg2 63. Kf7 Rf2+ 64. Kg8 Rg2 65. Rh1 Kxe5 66. Kh7 Kf6 67. g8=Q Rxg8 68. Kxg8 Ke5
69. Kf7 Ba3 70. Kg6 Kd4 71. Kf5 Kc3 72. Ke4 Kc2 73. Rh2+ Kc1 74. Rh1+ Kc2 75. Rh2+
Kc1 76. Rh1+ Kc2  1/2-1/2

[Event "1. OEsterreichische Internet Schach Meisterschaft - Vorrunde 2"]
[Site "Online - Playchess.com"]
[Date ""]
[Round "7"]
[Board "91"]
[White "Lager, Johannes Jun."]
[Black "Kellner, Nikolaus"]
[Result "1-0"]
[WhiteElo "1722"]
[BlackElo "1685"]
[PlyCount "73"]
[EventDate "2020.04.13"]
[EventRounds "9"]
[EventCountry "AUT"]

1. c4 f5 2. Nc3 Nf6 3. g3 d6 4. Bg2 e5 5. d4 e4 6. Bg5 Be7 7. Nh3 O-O 8. Nf4 Nc6
9. O-O Bd7 10. a3 Qe8 11. b4 h6 12. Bxf6 Bxf6 13. e3 Qf7 14. Qb3 a6 15. d5 Ne5 16.
Nce2 Nd3 17. Rad1 Nb2 18. Rd2 Ba4 19. Qa2 g5 20. Ne6 Rfe8 21. Rxb2 Bxb2 22. Qxb2
c6 23. N2d4 cxd5 24. cxd5 Rac8 25. Rc1 Rxc1+ 26. Qxc1 Bd7 27. Qc7 Bxe6 28. Nxe6 Qxc7
29. Nxc7 Rc8 30. Ne6 Rc1+ 31. Bf1 Ra1 32. Nd8 b5 33. Nb7 Rxa3 34. Nxd6 Ra4 35. Nxf5
Rxb4 36. d6 Kf8 37. d7  1-0

[Event "1. OEsterreichische Internet Schach Meisterschaft - Vorrunde 2"]
[Site "Online - Playchess.com"]
[Date ""]
[Round "7"]
[Board "92"]
[White "Buchner, Martin"]
[Black "Hofer, Martin"]
[Result "0-1"]
[WhiteElo "1777"]
[BlackElo "1603"]
[PlyCount "54"]
[EventDate "2020.04.13"]
[EventRounds "9"]
[EventCountry "AUT"]

1. d4 d5 2. Nf3 Nf6 3. e3 a6 4. Bd3 Nc6 5. c3 e6 6. Nbd2 Bd6 7. O-O O-O 8. e4 dxe4
9. Nxe4 Be7 10. Bg5 Nxe4 11. Bxe7 Qxe7 12. Bxe4 Bd7 13. Bc2 g6 14. Re1 Qf6 15. h3
Rad8 16. Ne5 Nxe5 17. Rxe5 Bc6 18. Be4 Bxe4 19. Rxe4 Rd5 20. Qe2 Rfd8 21. Re1 c5
22. dxc5 Rd2 23. Qe3 Rxb2 24. Rd4 Rc8 25. Red1 Rxa2 26. Qh6 Qxf2+ 27. Kh1 Qxg2#  0-1

[Event "1. OEsterreichische Internet Schach Meisterschaft - Vorrunde 2"]
[Site "Online - Playchess.com"]
[Date ""]
[Round "7"]
[Board "93"]
[White "Pasteiner, Gernot"]
[Black "Kanzian, Heinz"]
[Result "1-0"]
[WhiteElo "1632"]
[BlackElo "1642"]
[PlyCount "25"]
[EventDate "2020.04.13"]
[EventRounds "9"]
[EventCountry "AUT"]

1. e4 e5 2. Nf3 d6 3. Bc4 Be7 4. c3 c6 5. Qb3 Nh6 6. d4 exd4 7. Bxh6 gxh6 8. Bxf7+
Kf8 9. cxd4 d5 10. exd5 Kxf7 11. Ne5+ Ke8 12. Qf3 Rf8 13. Qh5+  1-0

[Event "1. OEsterreichische Internet Schach Meisterschaft - Vorrunde 2"]
[Site "Online - Playchess.com"]
[Date ""]
[Round "7"]
[Board "95"]
[White "Bauer, Wolfgang"]
[Black "Moerzinger, Christian Jun."]
[Result "1/2-1/2"]
[WhiteElo "1526"]
[BlackElo "1638"]
[PlyCount "77"]
[EventDate "2020.04.13"]
[EventRounds "9"]
[EventCountry "AUT"]

1. d4 Nf6 2. Nf3 g6 3. e3 d6 4. b3 Bg7 5. Bb2 O-O 6. c3 Nbd7 7. Be2 e5 8. dxe5 Nxe5
9. O-O Nxf3+ 10. Bxf3 c6 11. Qe2 d5 12. Rd1 Qc7 13. Na3 Be6 14. Nc2 Ne4 15. Bxe4
dxe4 16. Nd4 Qe7 17. Nxe6 Qxe6 18. Rab1 Rfd8 19. c4 Rd7 20. Rxd7 Qxd7 21. Rd1 Qc7
22. Bxg7 Kxg7 23. h3 Rd8 24. Kf1 Rd7 25. Rd4 f5 26. Qd2 Rxd4 27. Qxd4+ Kh6 28. b4
Qb6 29. Qxb6 axb6 30. a4 Kg5 31. g3 Kf6 32. Ke2 g5 33. f3 h5 34. f4 g4 35. h4 Ke6
36. Kd2 Kd6 37. Kc3 c5 38. b5 Kc7 39. Kb3  1/2-1/2

[Event "1. OEsterreichische Internet Schach Meisterschaft - Vorrunde 2"]
[Site "Online - Playchess.com"]
[Date ""]
[Round "7"]
[Board "96"]
[White "Kaltenbeck, Dieter"]
[Black "Klinglmair, Guenter"]
[Result "0-1"]
[WhiteElo "1314"]
[BlackElo "1483"]
[PlyCount "54"]
[EventDate "2020.04.13"]
[EventRounds "9"]
[EventCountry "AUT"]

1. a3 c5 2. e4 Nc6 3. Nf3 e5 4. Bc4 Nf6 5. d3 Be7 6. O-O O-O 7. Be3 Qc7 8. Qd2 a6
9. Nc3 b5 10. Ba2 c4 11. d4 exd4 12. Nxd4 Nxd4 13. Bxd4 Bc5 14. Bxf6 gxf6 15. Nd5
Qe5 16. Qe2 Bb7 17. Qg4+ Kh8 18. Rad1 d6 19. c3 Rae8 20. Rfe1 f5 21. Qe2 fxe4 22.
Bb1 Bxd5 23. Qc2 Qf5 24. Qe2 Rg8 25. Bxe4 Rxe4 26. Rxd5 Qxd5 27. Qxe4 Qg5  0-1

[Event "1. OEsterreichische Internet Schach Meisterschaft - Vorrunde 2"]
[Site "Online - Playchess.com"]
[Date ""]
[Round "8"]
[Board "1"]
[White "Ragger, Markus"]
[Black "Poetz, Florian"]
[Result "1-0"]
[WhiteElo "2679"]
[BlackElo "2422"]
[PlyCount "101"]
[EventDate "2020.04.13"]
[EventRounds "9"]
[EventCountry "AUT"]

1. e4 c5 2. Nf3 e6 3. g3 b6 4. d4 cxd4 5. Nxd4 Bb7 6. Bg2 d5 7. Nc3 e5 8. Nf3 d4
9. Nd5 Bd6 10. O-O Ne7 11. c4 O-O 12. Ne1 Nd7 13. Nd3 Nxd5 14. cxd5 Ba6 15. Re1 Bxd3
16. Qxd3 Rb8 17. Bd2 Rc8 18. b4 Qe7 19. a3 Rc7 20. Rec1 Rfc8 21. Qa6 Qd8 22. Bh3
Rxc1+ 23. Rxc1 Rxc1+ 24. Bxc1 Qc7 25. Bd2 g6 26. Qb5 Nf6 27. Qd3 Kg7 28. Bf1 h5 29.
f3 Ne8 30. Kf2 Be7 31. Ke2 Bd6 32. Kd1 Kf8 33. Qa6 Kg7 34. Bb5 Nf6 35. Bc6 Kf8 36.
a4 Nd7 37. Qb7 Nb8 38. Qxc7 Bxc7 39. Bb7 Bd6 40. Kc2 Ke7 41. Kd3 Kd8 42. Bc6 Ke7
43. Kc4 Bc7 44. a5 a6 45. axb6 Bxb6 46. Ba4 Kd6 47. Bg5 Nd7 48. Bh6 Ba7 49. Kd3 Nb6
50. Bf8+ Kc7 51. Be8  1-0

[Event "1. OEsterreichische Internet Schach Meisterschaft - Vorrunde 2"]
[Site "Online - Playchess.com"]
[Date ""]
[Round "8"]
[Board "2"]
[White "Platzgummer, Fabian"]
[Black "Shengelia, David"]
[Result "1-0"]
[WhiteElo "2336"]
[BlackElo "2544"]
[PlyCount "61"]
[EventDate "2020.04.13"]
[EventRounds "9"]
[EventCountry "AUT"]

1. Nf3 d5 2. g3 Nd7 3. d4 b5 4. Bg2 Ngf6 5. O-O e6 6. a4 b4 7. c4 bxc3 8. Nxc3 Be7
9. Bf4 c6 10. Rc1 Ba6 11. Ne5 Nxe5 12. Bxe5 O-O 13. Qd2 Nd7 14. Bf4 f5 15. Rc2 c5
16. Nxd5 exd5 17. Bxd5+ Kh8 18. Bxa8 Qxa8 19. dxc5 Nxc5 20. Qb4 Qd5 21. Be3 Qe4 22.
Bxc5 Qxb4 23. Bxb4 Bxb4 24. Rfc1 h6 25. Rc7 Bxe2 26. Rxa7 Bf3 27. a5 Rd8 28. a6 Rd2
29. Rf7 Bc5 30. Rxf5 Be4 31. Rfxc5  1-0

[Event "1. OEsterreichische Internet Schach Meisterschaft - Vorrunde 2"]
[Site "Online - Playchess.com"]
[Date ""]
[Round "8"]
[Board "3"]
[White "Froewis, Georg"]
[Black "Leisch, Lukas"]
[Result "1-0"]
[WhiteElo "2457"]
[BlackElo "2362"]
[PlyCount "117"]
[EventDate "2020.04.13"]
[EventRounds "9"]
[EventCountry "AUT"]

1. Nf3 Nf6 2. g3 g6 3. b3 Bg7 4. Bb2 O-O 5. Bg2 d6 6. d4 c6 7. c4 Nbd7 8. O-O Qc7
9. Nc3 e5 10. Rc1 Re8 11. Qc2 e4 12. Ng5 e3 13. fxe3 h6 14. Nge4 Ng4 15. Qd2 f5 16.
Nf2 Nxe3 17. Rfe1 Nf6 18. Bf3 Qe7 19. Ncd1 Nxd1 20. Rcxd1 Ne4 21. Nxe4 fxe4 22. Bg2
e3 23. Qc1 Bf5 24. d5 Bxb2 25. Qxb2 c5 26. Rf1 Rf8 27. Qc3 Bg4 28. Bf3 Bxf3 29. Rxf3
Rxf3 30. exf3 Rf8 31. Kg2 g5 32. Re1 Re8 33. Qd3 Kg7 34. Qf5 e2 35. Qd3 g4 36. f4
h5 37. Kf2 h4 38. Rxe2 hxg3+ 39. hxg3 Qxe2+ 40. Qxe2 Rxe2+ 41. Kxe2 Kf6 42. Kd3 Kf5
43. Ke3 a6 44. Kd3 b6 45. Ke3 Kf6 46. Ke4 Kg6 47. f5+ Kg5 48. a3 b5 49. a4 bxa4 50.
bxa4 a5 51. f6 Kxf6 52. Kf4 Kf7 53. Kxg4 Kg6 54. Kf4 Kf6 55. g4 Kg6 56. g5 Kg7 57.
Kf5 Kf7 58. g6+ Kg7 59. Kg5  1-0

[Event "1. OEsterreichische Internet Schach Meisterschaft - Vorrunde 2"]
[Site "Online - Playchess.com"]
[Date ""]
[Round "8"]
[Board "4"]
[White "Neubauer, Martin"]
[Black "Peyrer, Konstantin"]
[Result "1/2-1/2"]
[WhiteElo "2421"]
[BlackElo "2265"]
[PlyCount "83"]
[EventDate "2020.04.13"]
[EventRounds "9"]
[EventCountry "AUT"]

1. e4 c5 2. Nf3 d6 3. d4 cxd4 4. Nxd4 Nf6 5. Nc3 a6 6. Be3 e5 7. Nf3 h6 8. Bc4 Be7
9. O-O O-O 10. Qe2 Be6 11. Bb3 Nc6 12. Rfd1 Qa5 13. Nh4 Rfd8 14. Ng6 Bxb3 15. axb3
Qc7 16. Nxe7+ Nxe7 17. Qf3 Ne8 18. Rd2 b5 19. Rad1 b4 20. Na4 Rab8 21. Qg3 Ng6 22.
f3 Qc6 23. Nc5 Rdc8 24. Nd3 a5 25. Qf2 Rb5 26. Qe2 Nf6 27. Nf2 d5 28. exd5 Nxd5 29.
Ne4 f5 30. c4 bxc3 31. Nxc3 Nxc3 32. bxc3 Rxb3 33. Rd6 Qxc3 34. Rxg6 Qxe3+ 35. Qxe3
Rxe3 36. Rd7 Rc2 37. Rgxg7+ Kf8 38. Rgf7+ Ke8 39. Rfe7+ Kf8 40. Rf7+ Ke8 41. Rfe7+
Kf8 42. Rf7+  1/2-1/2

[Event "1. OEsterreichische Internet Schach Meisterschaft - Vorrunde 2"]
[Site "Online - Playchess.com"]
[Date ""]
[Round "8"]
[Board "5"]
[White "Alvir, Aco"]
[Black "Gelbenegger, Patrick"]
[Result "1-0"]
[WhiteElo "2355"]
[BlackElo "2240"]
[PlyCount "87"]
[EventDate "2020.04.13"]
[EventRounds "9"]
[EventCountry "AUT"]

1. e4 e5 2. Nf3 Nc6 3. Bb5 a6 4. Ba4 Nf6 5. O-O b5 6. Bb3 Be7 7. Re1 O-O 8. c3 d6
9. h3 Na5 10. Bc2 c5 11. d4 Qc7 12. Nbd2 Nc6 13. a3 Re8 14. b3 Bf8 15. Bb2 Bb7 16.
Rc1 g6 17. Bb1 Bg7 18. d5 Nb8 19. c4 b4 20. axb4 cxb4 21. c5 dxc5 22. Nc4 Nbd7 23.
d6 Qd8 24. Qd2 Nh5 25. Rcd1 Bc6 26. Bd3 f6 27. Ne3 Nf4 28. Bc4+ Kh8 29. Nf1 Nb6 30.
Qc2 Nxc4 31. Qxc4 Ne6 32. Rd3 Qd7 33. Qc1 Bb5 34. Rdd1 Bf8 35. Ne3 Bxd6 36. Nxe5
Qc7 37. Rxd6 fxe5 38. Bxe5+ Kg8 39. Rxe6 Qxe5 40. Rxe5 Rxe5 41. Ng4 Re6 42. Qxc5
h5 43. Qd5 Rae8 44. Nf6+  1-0

[Event "1. OEsterreichische Internet Schach Meisterschaft - Vorrunde 2"]
[Site "Online - Playchess.com"]
[Date ""]
[Round "8"]
[Board "6"]
[White "Enoeckl, Philipp"]
[Black "Morgunov, Marc"]
[Result "0-1"]
[WhiteElo "2276"]
[BlackElo "2341"]
[PlyCount "84"]
[EventDate "2020.04.13"]
[EventRounds "9"]
[EventCountry "AUT"]

1. d4 Nf6 2. Bg5 d5 3. e3 c5 4. c3 Nc6 5. Nd2 Bf5 6. Qb3 Qd7 7. Ngf3 c4 8. Qd1 e6
9. b3 b5 10. a4 b4 11. bxc4 bxc3 12. Nb3 Nb4 13. cxd5 Nc2+ 14. Qxc2 Bxc2 15. Bb5
Qxb5 16. axb5 Bxb3 17. dxe6 fxe6 18. O-O Bd6 19. Rfc1 Ne4 20. b6 a5 21. b7 Ra7 22.
Bf4 Bxf4 23. exf4 O-O 24. Ne5 Rxb7 25. f3 Nd2 26. Rxc3 a4 27. Kf2 Rb4 28. Ke3 Nc4+
29. Nxc4 Bxc4 30. Ke4 Bd5+ 31. Ke5 Rb6 32. g4 Bxf3 33. Rxa4 Bxg4 34. Ke4 Bf5+ 35.
Ke3 Rd8 36. Ra7 Rbd6 37. Rcc7 Rxd4 38. Rxg7+ Kh8 39. Rge7 Rd3+ 40. Ke2 Rd2+ 41. Ke1
Rxh2 42. Rec7 Rg8  0-1

[Event "1. OEsterreichische Internet Schach Meisterschaft - Vorrunde 2"]
[Site "Online - Playchess.com"]
[Date ""]
[Round "8"]
[Board "7"]
[White "Mostbauer, Florian"]
[Black "Schein, Karl-Heinz"]
[Result "1-0"]
[WhiteElo "2309"]
[BlackElo "2187"]
[PlyCount "97"]
[EventDate "2020.04.13"]
[EventRounds "9"]
[EventCountry "AUT"]

1. c4 Nf6 2. g3 g6 3. Bg2 Bg7 4. Nc3 O-O 5. e4 d6 6. Nge2 e5 7. O-O Nc6 8. d3 Nd4
9. Nxd4 exd4 10. Ne2 c5 11. h3 Rb8 12. a4 a6 13. a5 b5 14. axb6 Qxb6 15. Kh2 Bd7
16. Qc2 a5 17. Ra2 a4 18. Ra3 Bc6 19. Nf4 Ra8 20. Bd2 Rfb8 21. Rb1 Qc7 22. Nd5 Nxd5
23. exd5 Bd7 24. b4 axb3 25. Rxa8 Rxa8 26. Qxb3 h5 27. Bf4 Bf5 28. Be4 Qd7 29. Qb5
Qxb5 30. cxb5 Bxe4 31. dxe4 Be5 32. Bxe5 dxe5 33. b6 Rb8 34. Rc1 Rxb6 35. Rxc5 Rd6
36. Kg2 f5 37. Kf3 Kf7 38. Ra5 Kf6 39. h4 g5 40. hxg5+ Kxg5 41. Rc5 d3 42. Rc3 fxe4+
43. Kxe4 d2 44. Rd3 h4 45. gxh4+ Kg4 46. Rxd2 Kxh4 47. Kxe5 Rd8 48. d6 Kg5 49. Ke6
 1-0

[Event "1. OEsterreichische Internet Schach Meisterschaft - Vorrunde 2"]
[Site "Online - Playchess.com"]
[Date ""]
[Round "8"]
[Board "8"]
[White "Dreher, David"]
[Black "Schweda, Roland"]
[Result "0-1"]
[WhiteElo "1888"]
[BlackElo "2444"]
[PlyCount "106"]
[EventDate "2020.04.13"]
[EventRounds "9"]
[EventCountry "AUT"]

1. d4 Nf6 2. Bf4 g6 3. Nc3 d5 4. e3 Bg7 5. Nb5 Na6 6. Nf3 c6 7. Nc3 Nc7 8. h4 Bg4
9. Be2 O-O 10. Ne5 Bxe2 11. Qxe2 Ne6 12. Bg5 Nd7 13. Nxd7 Qxd7 14. Bf4 Nxf4 15. exf4
Bxd4 16. h5 e6 17. O-O-O Bxc3 18. bxc3 Qe7 19. Rd3 Qf6 20. Qg4 Rfe8 21. Rdh3 Kf8
22. hxg6 hxg6 23. Qf3 Ke7 24. Qe3 Kd7 25. g4 b6 26. Rh7 Re7 27. Qd2 e5 28. fxe5 Qxe5
29. Kb2 Rae8 30. Qd3 Kc7 31. Qa6 Kb8 32. a4 Qc7 33. Rh8 Qb7 34. Qd3 b5 35. Ka3 bxa4
36. Rxe8+ Rxe8 37. Ka2 Ka8 38. Rb1 Qc7 39. Rb4 Rb8 40. Rxa4 Qd6 41. Qa6 Qc7 42. Ra3
Rb6 43. Qa4 Qb7 44. Rb3 Ra6 45. Rxb7 Rxa4+ 46. Kb3 Kxb7 47. Kxa4 Kb6 48. Kb4 a5+
49. Ka4 g5 50. f3 f6 51. Kb3 Kb5 52. Ka3 Kc4 53. Kb2 c5  0-1

[Event "1. OEsterreichische Internet Schach Meisterschaft - Vorrunde 2"]
[Site "Online - Playchess.com"]
[Date ""]
[Round "8"]
[Board "9"]
[White "Fuchs, Georg"]
[Black "Baumegger, Siegfried"]
[Result "0-1"]
[WhiteElo "2234"]
[BlackElo "2441"]
[PlyCount "54"]
[EventDate "2020.04.13"]
[EventRounds "9"]
[EventCountry "AUT"]

1. e4 e5 2. Nf3 Nc6 3. Nc3 Nf6 4. d4 exd4 5. Nxd4 Bb4 6. Nxc6 bxc6 7. Bd3 O-O 8.
O-O d5 9. exd5 cxd5 10. Bg5 c6 11. Qf3 Bd6 12. h3 Rb8 13. b3 Be5 14. Bd2 Qd6 15.
Rae1 Bb7 16. Rxe5 Qxe5 17. Bf4 Qe7 18. Bxb8 Rxb8 19. g4 Re8 20. Ne2 c5 21. Ng3 d4
22. Qf5 g6 23. Qg5 Qe6 24. Nf5 Qe5 25. h4 h5 26. f3 Bc8 27. Kf2 Qh2#  0-1

[Event "1. OEsterreichische Internet Schach Meisterschaft - Vorrunde 2"]
[Site "Online - Playchess.com"]
[Date ""]
[Round "8"]
[Board "10"]
[White "Teuschler, Hugo"]
[Black "Freitag, Manfred"]
[Result "0-1"]
[WhiteElo "2055"]
[BlackElo "2356"]
[PlyCount "42"]
[EventDate "2020.04.13"]
[EventRounds "9"]
[EventCountry "AUT"]

1. e3 Nf6 2. d4 g6 3. c4 Bg7 4. Nc3 O-O 5. Nf3 d5 6. cxd5 Nxd5 7. Nxd5 Qxd5 8. Be2
c5 9. dxc5 Qxc5 10. O-O Nc6 11. e4 Rd8 12. Qe1 Qb4 13. Qxb4 Nxb4 14. a3 Nc6 15. Rb1
Be6 16. b4 Ba2 17. Be3 Bxb1 18. Rxb1 Nd4 19. Nxd4 Bxd4 20. Bxd4 Rxd4 21. Rb2 Rxe4
 0-1

[Event "1. OEsterreichische Internet Schach Meisterschaft - Vorrunde 2"]
[Site "Online - Playchess.com"]
[Date ""]
[Round "8"]
[Board "11"]
[White "Wiedermann, Daniel"]
[Black "Wohlfahrt, Herbert"]
[Result "0-1"]
[WhiteElo "2048"]
[BlackElo "2285"]
[PlyCount "168"]
[EventDate "2020.04.13"]
[EventRounds "9"]
[EventCountry "AUT"]

1. d4 Nf6 2. c4 e6 3. Nc3 Bb4 4. a3 Bxc3+ 5. bxc3 c5 6. f3 d6 7. e4 e5 8. Be3 b6
9. Bd3 O-O 10. Ne2 Nc6 11. d5 Na5 12. Ng3 Ne8 13. O-O Ba6 14. Qe2 Qd7 15. a4 g6 16.
f4 exf4 17. Bxf4 Ng7 18. Qf3 Rae8 19. Bh6 f6 20. h4 Bxc4 21. h5 Re5 22. hxg6 hxg6
23. Bf4 Ree8 24. Bh6 Rf7 25. e5 fxe5 26. Bxg6 Rxf3 27. Rxf3 Bxd5 28. Bxe8 Qxe8 29.
Rf6 Nc6 30. Raf1 Bf7 31. Rxf7 Qxf7 32. Rxf7 Kxf7 33. Bxg7 Kxg7 34. Nf5+ Kf6 35. Nxd6
Kg5 36. Kf2 Kf4 37. g3+ Kg4 38. Ne4 Kf5 39. Nd6+ Ke6 40. Ne4 Ne7 41. Kf3 Nd5 42.
g4 Nf4 43. Ng5+ Kd5 44. Ne4 Ke6 45. Ng5+ Kf6 46. Ne4+ Kg6 47. Ke3 Kf7 48. Kf3 Nd5
49. Ng5+ Ke7 50. Ne4 a6 51. g5 c4 52. Kg4 Ke6 53. g6 b5 54. axb5 axb5 55. g7 Kf7
56. Nd6+ Kxg7 57. Nxb5 Kf6 58. Nd6 Nb6 59. Kf3 Ke6 60. Nb5 Kd5 61. Nc7+ Kc5 62. Ne6+
Kd6 63. Ng5 Nd7 64. Ne4+ Kd5 65. Ng5 Nc5 66. Nf7 Na4 67. Ke3 Nxc3 68. Kd2 Nb5 69.
Ng5 Nd6 70. Nf3 Ne4+ 71. Kc2 Nc5 72. Kc3 Ne4+ 73. Kc2 Nf6 74. Kc3 Nd7 75. Nd2 Nb6
76. Nf3 e4 77. Nd2 Ke5 78. Nf1 Kf4 79. Kd2 Nd5 80. Ke2 c3 81. Kd1 Ne3+ 82. Nxe3 Kxe3
83. Kc2 Kf2 84. Kxc3 e3  0-1

[Event "1. OEsterreichische Internet Schach Meisterschaft - Vorrunde 2"]
[Site "Online - Playchess.com"]
[Date ""]
[Round "8"]
[Board "12"]
[White "Hiermann, Dietmar"]
[Black "Trippold, Denise"]
[Result "0-1"]
[WhiteElo "2250"]
[BlackElo "2150"]
[PlyCount "74"]
[EventDate "2020.04.13"]
[EventRounds "9"]
[EventCountry "AUT"]

1. e4 e6 2. d4 d5 3. Nd2 c5 4. exd5 Qxd5 5. Ngf3 cxd4 6. Bc4 Qd6 7. Qe2 Nf6 8. Nb3
Nc6 9. Bg5 Be7 10. O-O-O Qc7 11. Nfxd4 Nxd4 12. Nxd4 a6 13. Kb1 b5 14. Bd3 Bb7 15.
f3 Rc8 16. Rhe1 O-O 17. h4 Nd5 18. Bxe7 Nxe7 19. Nxe6 fxe6 20. Qxe6+ Rf7 21. Bxh7+
Kf8 22. Rd7 Bd5 23. Qg4 Qc5 24. b3 a5 25. h5 a4 26. Bg6 Nxg6 27. Rxf7+ Bxf7 28. hxg6
Qxc2+ 29. Ka1 Qc3+ 30. Kb1 Qxe1+ 31. Kb2 Qc3+ 32. Ka3 b4+ 33. Kxa4 Be8+ 34. Ka5 Qc5+
35. Ka6 Qb5+ 36. Ka7 Rc7+ 37. Ka8 Qb7#  0-1